000 00672nam a22001337a 4500
040 _cRUA
082 _aAGR.BB SOK 2010 B060 Or.1
100 _aSOK, CHHADA.
245 _aEffect of different fertilzers utilization on corn in sangker district, battambang province, ឥទ្ធិពលនៃការប្រើប្រាស់ជីផ្សេងៗគ្នាតៅលើដំណាំពោត​នៅស្រុកសង្កែ​ ខេត្តបាត់បំបង.
260 _aphnom phen
_bRUA
_c2010
300 _aIX,56p.
_bill.
_c29cm.
856 _uhttps://drive.google.com/file/d/19iZ2eRxj8Tr9hE7X2ikrG2h3pZr-2PeX/view?usp=sharing
942 _cAGRBB
999 _c1405
_d1405